Statistics for 150 000+ France Cities Map Quiz

Click here to take the quiz!

General Stats

  • This quiz has been taken 73 times
    (58 since last reset)
  • The average score is 16 of 19

Answers on the Map

Answers color-coded by a green-red scale on the quiz's map according to % correct below.
 

Answer Stats

CommuneRégionPopulation% Correct
MarseilleProvence-Alpes-Côte d'Azur863 310
98%
ParisÎle-de-France2 187 526
98%
LyonAuvergne-Rhône-Alpes516 092
96%
NiceProvence-Alpes-Côte d'Azur340 017
96%
ToulouseOccitanie479 553
96%
BordeauxNouvelle-Aquitaine254 436
94%
StrasbourgGrand Est280 966
94%
LilleHauts-de-France232 787
90%
NantesPays de la Loire309 346
90%
MontpellierOccitanie285 121
88%
RennesBretagne216 815
82%
Le HavreNormandie170 147
80%
DijonBourgogne-Franche-Comté156 920
76%
GrenobleAuvergne-Rhône-Alpes158 454
76%
ReimsGrand Est182 460
76%
ToulonProvence-Alpes-Côte d'Azur171 953
75%
Saint-ÉtienneAuvergne-Rhône-Alpes172 565
67%
AngersPays de la Loire152 960
63%
NîmesOccitanie150 610
63%

Score Distribution

Percentile by Number Answered

Percent of People with Each Score

Your Score History

You have not taken this quiz since the last reset